logo

Bir Sreshtho Munshi Abdur Rouf Library
Jhenaidah Cadet College

Power & politics in America / (Record no. 9134)

MARC details
000 -LEADER
fixed length control field 00990cam a2200313 a 4500
001 - CONTROL NUMBER
JCCL Control Number 9134
003 - CONTROL NUMBER IDENTIFIER
JCCL marc code BD-JhCC
005 - DATE AND TIME OF LATEST TRANSACTION
control field 20180308195604.0
008 - FIXED-LENGTH DATA ELEMENTS--GENERAL INFORMATION
fixed length control field 820709s1983 caua b 001 0 eng
020 ## - INTERNATIONAL STANDARD BOOK NUMBER
International Standard Book Number 0534012523 (pbk.) :
Terms of availability $15.95
035 ## - SYSTEM CONTROL NUMBER
system control number (BD-JhCC)9134
040 ## - CATALOGING SOURCE
Original cataloging agency DLC
Transcribing agency DLC
Modifying agency DLC
-- BD-JhCC
041 ## - LANGUAGE CODE
Language code of Book eng
050 00 - LIBRARY OF CONGRESS CALL NUMBER
Classification number JK274
Item number .F923 1983
082 00 - DEWEY DECIMAL CLASSIFICATION NUMBER
Classification number 320.973
DDC Edition number 19
Author mark and Year FRE 1983
100 1# - MAIN ENTRY--PERSONAL NAME
Personal name Freedman, Leonard.
245 10 - TITLE STATEMENT
Title Power & politics in America /
Statement of responsibility, etc Leonard Freedman.
250 ## - EDITION STATEMENT
Edition statement 4th ed.
260 ## - PUBLICATION, DISTRIBUTION, ETC. (IMPRINT)
Place of publication, distribution, etc Monterey, Calif. :
Name of publisher, distributor, etc Brooks/Cole Pub. Co.,
Date of publication, distribution, etc c1983.
300 ## - PHYSICAL DESCRIPTION
Pagination xiii, 489 p. :
Other physical details ill. ;
Dimensions 24 cm.
500 ## - GENERAL NOTE
General note Rev. ed. of: Power and politics in America. 3rd ed. c1978.
500 ## - GENERAL NOTE
General note Includes index.
504 ## - BIBLIOGRAPHY, ETC. NOTE
Bibliography, etc Bibliography: p. 472-480.
651 #0 - SUBJECT ADDED ENTRY--GEOGRAPHIC NAME
Geographic name United States
General subdivision Politics and government
Chronological subdivision 1945-1989.
700 1# - ADDED ENTRY--PERSONAL NAME
Personal name Freedman, Leonard.
Title of a work Power and politics in America.
740 0# -
Uncontrolled related/analytical title Power and politics in America.
942 ## - ADDED ENTRY ELEMENTS (KOHA)
Source of classification or shelving scheme Dewey Decimal Classification
Koha item type Books
Holdings
Source of classification or shelving scheme Damaged status Not for loan Home library Current library Shelving location Total Checkouts Full call number Barcode Date last seen Copy number Koha item type
Dewey Decimal Classification     JCC Rouf Library JCC Rouf Library General Stacks   320.973 FRE 1983 12144 03/08/2018 C - 1 Books

JCC Library | Contacts | JCC Home

Last Update on 23 September 2017
Copyright @ 2017-2020 JCC Rouf Library
Rouf Library, Jhenidah Cadet College (JCC), Bangladesh